|
|
|
|
| LEADER |
00000nam a22000007a 4500 |
| 005 |
20160928164213.0 |
| 007 |
cr|||| ||u| |
| 008 |
160928s2016 Mx |||||o|||| 001 0 Spa d |
| 020 |
|
|
|a 978-607-406-818-4
|
| 035 |
|
|
|a 14333
|
| 040 |
|
|
|a vLex
|
| 090 |
|
|
|c 6243
|d 6243
|
| 100 |
1 |
|
|a Corral Moreno, Manuel
|
| 245 |
1 |
|
|a Estudio Prc̀tico del ISR para Personas Morales 2016
|h [Recurso electrn̤ico] /
|c Manuel Corral Moreno.
|
| 256 |
|
|
|a Servicio en ln̕ea
|
| 300 |
|
|
|a 1 Recurso electrn̤ico
|
| 506 |
1 |
|
|a Disponible solo en los productos.
|d vLex Global
|d vLex Global (Academic Edition, excluding Law Schools)
|d vLex Global (U.S. Academic Edition, Law Schools)
|d vLex Global (U.S. Academic Edition, excluding Law Schools)
|d vLex Global (Academic Edition, Law Schools)
|
| 650 |
0 |
4 |
|2 Derecho fiscal
|z Mx̌ico
|
| 650 |
0 |
4 |
|a Impuesto sobre la renta de las personas fs̕icas
|z Mx̌ico
|
| 740 |
0 |
|
|a vLe libros (servicios en ln̕ea)
|
| 856 |
4 |
0 |
|z Acceso restringido
|u http://vlex.com/source/estudio-practico-del-isr-para-personas-morales-2016-14333
|
| 942 |
|
|
|c BOOK
|
| 999 |
0 |
|
|a Taxation-Law and legislation
|
| 999 |
0 |
|
|a Income tax
|